BIBLIOTECA PODER JUDICIAL
Portal Judicial TDF

La vacuna en crisis : (Registro nro. 5842)

000 -LEADER
fixed length control field 00980nab a22002177a 4500
003 - CONTROL NUMBER IDENTIFIER
control field OSt
005 - DATE AND TIME OF LATEST TRANSACTION
control field 20260108015613.0
008 - FIXED-LENGTH DATA ELEMENTS--GENERAL INFORMATION
fixed length control field 190514b xxu||||| |||| 00| 0 spa d
040 ## - CATALOGING SOURCE
Transcribing agency PJ
100 ## - MAIN ENTRY--PERSONAL NAME
9 (RLIN) 6742
Personal name Polverini, Verónica
245 13 - TITLE STATEMENT
Title La vacuna en crisis :
Remainder of title de las odas a la desconfianza /
Statement of responsibility, etc Verónica Polverini.
300 ## - PHYSICAL DESCRIPTION
Extent p. 79-86
505 ## - FORMATTED CONTENTS NOTE
Formatted contents note Sumario: I. Introducción.— II. Breve historia de la vacunación.— III. Las leyes de vacunación obligatoria.— IV. La vacunación en la República Argentina.— V. El fallo de la Corte Suprema de Justicia de la Nación.— VI. Conclusión.
505 ## - FORMATTED CONTENTS NOTE
Title Si te interesa el texto, comunicate a koha@justierradelfuego.gov.ar
650 #0 - SUBJECT ADDED ENTRY--TOPICAL TERM
9 (RLIN) 1253
Topical term or geographic name as entry element DERECHO A LA SALUD
650 #0 - SUBJECT ADDED ENTRY--TOPICAL TERM
9 (RLIN) 4514
Topical term or geographic name as entry element SALUD PUBLICA
650 #0 - SUBJECT ADDED ENTRY--TOPICAL TERM
9 (RLIN) 4515
Topical term or geographic name as entry element PREVENCIÓN DE ENFERMEDADES
650 #0 - SUBJECT ADDED ENTRY--TOPICAL TERM
9 (RLIN) 4516
Topical term or geographic name as entry element VACUNACIÓN
773 0# - HOST ITEM ENTRY
Host Biblionumber 2844
Host Itemnumber 3222
Place, publisher, and date of publication Buenos Aires : AbeledoPerrot, 1989-
Title Derecho de familia. N° 119 - Mayo 2025
International Standard Book Number 18511201
942 ## - ADDED ENTRY ELEMENTS (KOHA)
Source of classification or shelving scheme
Koha item type Analítica Artículo de Revista

No hay ítems disponibles.

12 de Octubre 789 Ushuaia - Tel:  54(02901)441571
Horario de Atención: 8.00 a 17.00 hs. 
bibliotecaush@justierradelfuego.gov.ar
koha@justierradelfuego.gov.ar
Seguinos en nuestras redes @bibliojustdf 

Con tecnología Koha